Vzdelávanie a rozvoj pracovníkov v spoločnosti Servier Slovensko, spol. s.r.o. diplomová práca

Uložené v:
Podrobná bibliografia
Hlavný autor: Konečná, Katarína
Korporativný autor: Obchodná fakulta EU. Katedra marketingu
Ďalší autori: Matušovičová, Monika, 1967-
Médium: Kniha
Jazyk:Slovak
Vydavateľské údaje: Bratislava 2008
Tagy: Pridať tag
Žiadne tagy, Buďte prvý, kto otaguje tento záznam!

MARC

LEADER 00000nam$a2200000$$$4500
001 0080971
005 20240201120834.8
041 0 |a slo 
044 |a SK 
245 1 0 |a Vzdelávanie a rozvoj pracovníkov v spoločnosti Servier Slovensko, spol. s.r.o.  |b diplomová práca  |c Katarína Konečná ; škol. Monika Matušovičová 
264 1 |a Bratislava  |c 2008 
300 |a 72 s. 
100 1 |a Konečná, Katarína 
700 1 |a Matušovičová, Monika, 1967- 
710 2 |a Obchodná fakulta EU. Katedra marketingu